| 000 | 01477nam a22002657a 4500 | ||
|---|---|---|---|
| 001 | 6610 | ||
| 003 | FISKH | ||
| 005 | 20250513113327.0 | ||
| 008 | 250513b cb ||||| |||| 00| 0 eng d | ||
| 020 | _a9789971056810 | ||
| 040 |
_aFISKH _beng _cFISKH _dFISKH |
||
| 050 | _aPZ7 | ||
| 082 | _a428.24 | ||
| 100 | _aKeng, lim Kwee | ||
| 245 |
_aPets : _bNew English team ( Primary) / _cPreject Director : Betsy Lim Hai Boey ; Specialist Writers ; Lim Kwee Keng, Frances Lew Kiak Yee, Suchen Christine Lim, Helen Quek Pway Ngiok, Olivia Soh Kang Sock, Catherine Zuzarte. |
||
| 260 |
_aBukit Timah : _bEPB Publisher, _c1991. |
||
| 300 |
_a107 pages : _bcolor illustrations ; _c25 cm |
||
| 505 | _aM | ||
| 520 | _aPrimary English Thematic Series: Pets Course Book 2A is an English language textbook designed for young learners at the primary level. The book uses the theme of pets to teach vocabulary, sentence structures, and basic grammar in an engaging and age-appropriate way. Through colorful illustrations, short reading passages, simple dialogues, and fun activities, students learn to identify and describe different pets, express preferences, and use common action words related to pet care. The book also promotes speaking, listening, reading, and writing skills with a strong focus on real-life communication. | ||
| 521 | 8 |
_a530
_bLexile estimate |
|
| 521 | 8 |
_aM
_bRaz-Plus |
|
| 650 |
_aCourse Book _vPets |
||
| 942 |
_2ddc _cBK _n0 |
||
| 999 |
_c6610 _d6610 |
||